Tous les personnages de "La Guerre des Clans" - Statistiques

Statistiques générales
  • Ce quiz a été pris 1 770 fois
    1 767 depuis la dernière actualisation
  • Le résultat moyen est 97 sur 500
Statistiques - réponses
Groupe Personnages % Correct
Étoile de Feu
94%
Étoile Bleue
88%
Plume Grise
80%
Tempête de Sable
76%
Croc Jaune
73%
Étoile du Tigre
73%
Clan du Sang Fléau
71%
Petite Feuille
71%
Cœur de Lion
70%
Étoile de Ronce
69%
Poil d'Écureuil
69%
Feuille de Lune
67%
Pelage de Poussière
67%
Tornade Blanche
67%
Museau Cendré
66%
Étoile Filante
65%
Nuage de Jais
65%
Œil de Geai
65%
Cœur Blanc
64%
Longue Plume
64%
Pelage de Lion
63%
Pelage d'Or
63%
Flocon de Neige
62%
Plume Rousse
62%
Poil de Souris
62%
Feuille de Houx
61%
Étoile du Léopard
59%
Éclair Noir
57%
Plume de Jais
56%
Poil de Fougère
56%
Étoile Brisée
55%
Étoile de Brume
55%
Étoile Solitaire
55%
Étoile Balafrée
54%
Étoile Noire
54%
Étoile de Jais
53%
Aile de Colombe
52%
Bouton d'Or
52%
Fleur de Bruyère
52%
Papillon
52%
Poil de Châtaigne
52%
Rivière d'Argent
52%
Jolie Plume
51%
Pelage de Granit
51%
Cœur de Chêne
50%
Millie
50%
Chipie
49%
Plume Blanche
49%
Un-Œil
49%
Cœur Cendré
48%
Pelage d'Orage
48%
Vif-Argent
48%
Demi-Queue
47%
Pelage de Silex
47%
Aile Blanche
46%
Gerboise
45%
Plume de Faucon
45%
Fleur de Saule
44%
Truffe de Sureau
44%
Belle-de-Jour
43%
Belle-de-Nuit
43%
Bois de Frêne
43%
Nuage Agile
43%
Patte d'Araignée
43%
Princesse
43%
Feuille de Lis
42%
Pelage de Givre
42%
Petit Orage
42%
Pomme de Pin
42%
Étoile de Feuille
41%
Clan du Tonnerre dans les hors-séries Étoile de Sapin
40%
Étoile Grise
40%
Pelage de Miel
40%
Perce-Neige
40%
Petite Oreille
40%
Plume Cendrée
40%
Rhume des Foins
40%
Cœur d'Épines
39%
Cœur de Tigre
39%
Belle Églantine
38%
Carcasse
38%
Autre (chats domestiques, chats errants, solitaires...) Ficelle
37%
Isidore
37%
Pelage de Neige
37%
Pavot Gelé
36%
Pelage de Brume
36%
Pelage de Suie
36%
Étoile du Soleil
35%
Feuille Rousse
35%
Poil de Bourdon
35%
Écorce de Chêne
34%
Ombre d'Érable
34%
Perle de Pluie
34%
Griffe de Pierre
33%
Œil de Myosotis
33%
Patte de Mulot
33%
Patte de Pierre
33%
Clan du Tonnerre dans les 4 premiers cycles Étoile du Tonnerre
32%
Pétale de Rose
32%
Plume de Flamme
32%
Plume de Noisette
32%
Plume d'Oie
32%
Patte Cendrée
31%
Nuage de Musaraigne
30%
Patte de Renard
30%
Patte Folle
30%
Pluie de Pétales
30%
Sol
30%
Aile Rousse
29%
Aube Claire
29%
Bois de Chêne
28%
Cœur de Roseau
28%
Flèche Grise
28%
Feuille de Saule
27%
Fleur de Lune
27%
Griffe Noire
27%
Lac de Givre
27%
Petit Sapin
27%
Ancienne Tribu de l'Eau Vive Demi-Lune
26%
Clan du Vent dans les 4 premiers cycles Étoile du Vent
26%
Fleur de Pavot
26%
Sacha
26%
Brume de Givre
25%
Clan de la Rivière dans les 4 premiers cycles Étoile de la Rivière
25%
Clan de l'Ombre dans les 4 premiers cycles Étoile de l'Ombre
25%
Étoile Fauve
25%
Œil de Crapaud
25%
Pelage de Mousse
25%
Tribu de l'Eau Vive Conteur des Pointes Rocheuses
24%
Plume Noire
24%
Reine-des-Prés
24%
Griffe Blanche
23%
Gros Ventre
23%
Oreille Balafrée
23%
Plume de Tempête
23%
Caramel
22%
Longues Moustaches
22%
Petite Écume
22%
Petit Laurier
22%
Ventre Affamé
22%
Dos Balafré
21%
Feuille Morte
21%
Griffe Féroce
21%
Nuage de Loir
21%
Patte de Crapaud
21%
Aile de Cerise
20%
Clan du Vent dans les hors-séries Étoile de Bruyère
20%
Fleur de Pluie
20%
Pelage Cendré
20%
Plume de Crécerelle
20%
Poil de Cerise
20%
Aile de Geai
19%
Brise de Nénuphar
19%
Cœur de Cèdre
19%
Cœur de Lilas
19%
Cœur de Nacre
19%
Corbeau Givré
19%
Croc de Vipère
19%
Œil de Faucon
19%
Patte de Givre
19%
Petite Queue
19%
Al
18%
Baie de Ronce
18%
Bouton de Rose
18%
Clan de la Rivière dans les hors-séries Étoile de Grêle
18%
Fleur de l'Aube
18%
Griffes d'Épine
18%
Moustache de Loir
18%
Oiseau de Neige
18%
Orage du Matin
18%
Patte de Léopard
18%
Plume de Givre
18%
Plume de Rouge-Gorge
18%
Plume Rose
18%
Écho d'Argent
17%
Clan de l'Ombre dans les hors-séries Étoile de Cèdre
17%
Museau Balafrée
17%
Pelage de Fumée
17%
Pelage de Pierre
17%
Plume de Hibou
17%
Plume de Merle
17%
Poil de Coquelicot
17%
Douce Brise
16%
Étoile de Givre
16%
Lune d'Ambre
16%
Moustache de Sauge
16%
Pelage de Fourmi
16%
Plume de Colombe
16%
Taches Fauves
16%
Brume Grise
15%
Cœur de Renarde
15%
Eau Blanche
15%
Étoile Rouge
15%
Goutte de Pluie
15%
Jess
15%
Nuage d'Ajoncs
15%
Patte de Grenouille
15%
Pelage d'Écume
15%
Pelage Neigeux
15%
Pic où Nichent les Aigles
15%
Plume de Grive
15%
Plume de Lierre
15%
Poil de Campagnol
15%
Poil de Lièvre
15%
Poitrail Blanc
15%
Vol-au-Vent
15%
Cœur de Faucon
14%
Cœur de Loutre
14%
Fleur de Jais
14%
Herbe Folle
14%
Nuage de Mousse
14%
Pelage de Crépuscule
14%
Pelage Hirsute
14%
Plume de Jonc
14%
Plume de Roseau
14%
Poil de Belette
14%
Poil de Menthe
14%
Queue de Serpent
14%
Saule Rouge
14%
Truffe de Rosée
14%
Bois de Hêtre
13%
Cœur de Girofle
13%
Croc de Pierre
13%
Écaille d'Anguille
13%
Griffe Rouge
13%
Lion Rugissant
13%
Museau Pommelé
13%
Clan du Ciel Œil du Ciel
13%
Patte de Braise
13%
Patte Tremblante
13%
Pelage Charbonneux
13%
Pelage Crépu
13%
Pelage de Pluie
13%
Pelage Pommelé
13%
Pierre de Gué
13%
Plume d'Alouette
13%
Plume d'Hirondelle
13%
Poil d'Hibiscus
13%
Tom des Vents
13%
Aile de Corbeau
12%
Ajonc des Sables
12%
Baie Blanche
12%
Étoile du Matin
12%
Fleur de Houx
12%
Fleur de Lis
12%
Griffe de Chouette
12%
Museau Olive
12%
Nuage de Fumée
12%
Nuit sans Étoiles
12%
Œil de Chouette
12%
Oiseau Pâle
12%
Patte de Lièvre
12%
Patte de Musaraigne
12%
Patte de Scarabée
12%
Pelage d'Écorce
12%
Pelage d'Ombre
12%
Pluie d'Orage
12%
Plume Fauve
12%
Rayon de l'Aube
12%
Sources aux Petits Poissons
12%
Truffe de Pin
12%
Branche Creuse
11%
Ciel Clair
11%
Croc Blanc
11%
Fleur d'Ajoncs
11%
Jessie
11%
Œil Vif
11%
Patte de Fougère
11%
Patte de Gravier
11%
Patte Frêle
11%
Plume de Corbeau
11%
Plume de Feuilles
11%
Plume d'Herbe
11%
Poil de Loutre
11%
Rayon de Soleil
11%
Reflet d'Argent
11%
Serre de l'Aigle Tournoyant
11%
Aile de Crécerelle
10%
Aile de Rouge-Gorge
10%
Aile d'Hirondelle
10%
Croc de Brochet
10%
Crocs Pointus
10%
Croissant de Lune
10%
Étoile du Martinet
10%
Faon Timide
10%
Flamme d'Argent
10%
Flaque Grise
10%
Fougère Enroulée
10%
Larme de Nuit
10%
Ombre Brisée
10%
Patte de Neige
10%
Pelage de Cèdre
10%
Petit Canari
10%
Plume d'Orage
10%
Saut de Biche
10%
Aile de Fougère
9%
Aile d'Étourneau
9%
Aile d'Ombre Sur l'Eau
9%
Arabesque
9%
Baie de Sorbe
9%
Bourgeon Poudré
9%
Cheval Galopant
9%
Ciel Gris Avant l'Aurore
9%
Cœur de Truite
9%
Coureur des Cieux
9%
Crique Brune
9%
Cristal d'Eau
9%
Croc de Lézard
9%
Écaille de Truite
9%
Écho de Brume
9%
Feuille de Lierre
9%
Fleur des Prés
9%
Mésange Portée par le Vent
9%
Moustache Emmêlée
9%
Museau de Pétale
9%
Nuage Brun
9%
Œil de Colombe
9%
Œil de Scarabée
9%
Patte de Lézard
9%
Pelage de Pin
9%
Pelage Doré
9%
Petit Nénuphar
9%
Piqué du Faucon
9%
Plume de Bécasse
9%
Plume de Laine
9%
Puce de Feu
9%
Trille d'Oiseau
9%
Aile d'Alouette
8%
Aile de Guêpe
8%
Belle Alouette
8%
Bourrasque Annonçant l'Orage
8%
Carpe Dorée
8%
Chant des Pierres
8%
Cri de la Chouette Courroucée
8%
Feuille de Tremble
8%
Flèche où se Pose le Héron
8%
Fleur de Jonc
8%
Griffe d'Ajoncs
8%
Griffe d'Ébène
8%
Griffe de Furet
8%
Hugo Lunaire
8%
Lune Ascendante
8%
Moustache de Lis
8%
Museau Rosé
8%
Nimbes Gris
8%
Nimbes Tigrées
8%
Nuage Piquant
8%
Nuée de Hérons Terrifiés
8%
Pas de Loup
8%
Pelage d'Avoine
8%
Pelage de Flammes
8%
Pelage de Pollen
8%
Pelage Zébré
8%
Petit Reflet
8%
Plume de Chouette
8%
Plume Douce
8%
Poil de Ragondin
8%
Poil de Romarin
8%
Saut de Carpe
8%
Saut de Cerf
8%
Saut de Crapaud
8%
Sentier Abrupt Bordant la Cascade
8%
Souris des Brumes
8%
Timide
8%
Truffe de Noyer
8%
Aile de Passereau
7%
Brise Murmurante
7%
Ciel d'Aurore
7%
Croc de Musaraigne
7%
Dent de Souris
7%
Éclair Crochu
7%
Étoile d'Araignée
7%
Étoile de Bouleau
7%
Feuille Ambrée
7%
Flora
7%
Gravier qui Dévale la Montagne
7%
Griffe de Prune
7%
Griffe de Saule
7%
Griffe d'Ortie
7%
Grognon
7%
Moineau
7%
Mousse Poussant Près de la Rivière
7%
Moustache Claire
7%
Moustache Givrée
7%
Museau Mousseux
7%
Nuage d'Argent
7%
Nuages de Graines
7%
Nuit Noire
7%
Œil de Biche
7%
Œil de Souris
7%
Œuf
7%
Ombre Noire sur l'Eau
7%
Patte Ardente
7%
Patte de Biche
7%
Pelage de Lait
7%
Pelage de Nuit
7%
Perle de Neige
7%
Petite Boule
7%
Petite Menthe
7%
Petit Matin
7%
Piqué du Faucon Châtain
7%
Pluie qui Martèle les Pierres
7%
Plume de Gênets
7%
Poil de Blizzard
7%
Poil de Noix
7%
Poil Moucheté
7%
Prosper
7%
Rivière de l'Aube
7%
Saut de Grenouille
7%
Saut du Poisson dans l'Eau
7%
Soleil Voilé
7%
Tige de Seigle
7%
Vent de Braise
7%
Aile de Bruyère
6%
Alouette qui Chante à l'Aube
6%
Bourre de Poils
6%
Cœur de Fougère
6%
Cœur Vaillant
6%
Éclat de Glace
6%
Étoile de la Buse
6%
Feuille de Miel
6%
Fougère Fauve
6%
Germe de Blé
6%
Gouttes de Rosée
6%
Griffe de Renard
6%
Grisette
6%
Neige Tombée Sur les Pierres
6%
Nuage de Campagnol
6%
Nuage de Cuivre
6%
Nuage de Gouttelettes
6%
Nuage de Menthe
6%
Nuage d'Ortie
6%
Ombre Rocheuse
6%
Orage Gris de l'Aube
6%
Pelage de Prunelle
6%
Pelage de Roc
6%
Petite Bulle
6%
Petite Flaque
6%
Petite Renarde
6%
Pin qui s'Accroche au Roc
6%
Pluie qui Cesse Vite
6%
Plume d'Ajoncs
6%
Plume de Bambou
6%
Plume de Mauve
6%
Poil de Lichen
6%
Poil de Taupe
6%
Roc où Poudre la Neige
6%
Saut de Lapin
6%
Ventre Creux
6%
Brise de Nuage
5%
Cœur Brillant
5%
Djinn
5%
Clan inconnu Esprit Radieux
5%
Faucon d'Argent
5%
Feuille Brillante
5%
Griffe de Givre
5%
Moustaches Sombres
5%
Nuage de Sauge
5%
Œil de Grenouille
5%
Patte de Daim
5%
Patte de Triton
5%
Petit Chatouille
5%
Petite Herbe
5%
Petit Souci
5%
Saule Prune
5%
Tête de Serpent
5%
Truffe Cendrée
5%
Cœur de Pissenlit
4%
Foudre
4%
Menthe
4%
Museau Taquin
4%
Nerveux
4%
Nuage d'Aubépine
4%
Nuage Poudré
4%
Onyx
4%
Patte de Brune
4%
Petite Crique
4%
Pluie Battante
4%
Poil d'Ortie
4%
Souche de Chêne
4%
Chute de Flocon
3%
Gazouille
3%
Givre
3%
Gouttelette
3%
Hussard
3%
Joyeuse
3%
Torsade
3%
Vol d'Hirondelle
3%
Avalanche
2%
Fritz
2%
Pépin
2%
Poil de Soleil
2%
Poivre
2%
Puzzle
2%
Railleur
1%
Séville
1%
Aucun quiz correspondant
Distribution des résultats
% des personnes avec chaque résultat
Percentile par nombre de réponses
Votre historique - résultats
Vous n’avez pas pris ce quiz depuis la dernière actualisation